| 000 | 01287nam0a2200349 4500 | ||
|---|---|---|---|
| 001 | RU\NLR\bibl\442750 | ||
| 005 | 20250623175503.0 | ||
| 010 |
_a5-900504-20-4 _9100 |
||
| 021 |
_aRU _b2003-32252 _91527 |
||
| 035 | _a(NLR Aleph) 000436470 | ||
| 090 |
_a786977 _c786977 |
||
| 100 | _a20030826d2002 |||y0rusy50 ca | ||
| 101 | 0 | _arus | |
| 102 | _aRU | ||
| 105 | _aa ||||||||| | ||
| 200 | 1 |
_aКвазисферические преобразования и необычные свойства метрики гиперболической плоскости _fМ. Н. Проскуряков |
|
| 210 |
_aМ. _cБумаж. галерея _d2002 |
||
| 215 |
_a51 с. _d21 |
||
| 606 | 0 |
_aНеэвклидова геометрия Лобачевского _9961741 _3RU\NLR\auth\6640327 |
|
| 606 | 0 |
_aЛобачевского геометрия _92161363 _3RU\NLR\auth\661300733 |
|
| 610 | 0 | _aГеометрия неевклидова Лобачевского | |
| 675 |
_a514.13 _v3 _zrus |
||
| 686 |
_a27.21 _2rugasnti |
||
| 686 |
_a22.151.2 _2rubbk |
||
| 686 | _aВ181.161 | ||
| 700 | 1 |
_aПроскуряков _bМ. Н. _4070 |
|
| 801 | 0 |
_aRU _bRKP _c20030826 _gPSBO |
|
| 801 | 1 |
_aRU _bRKP _c20030826 |
|
| 801 | 2 |
_aRU _bNLR _c20031202 _grcr |
|
| 942 | _cBOOK | ||
| 980 | _aNB | ||